1410 1322 1805 1776 1465 1669 1778 1807 1785 1696 1326 1827 1775 1407 1418 1766 1739 1001 1460 1010 1470 1685 1076 1695 1005 1982 1468 1163 1202 1696 1058 1448 1550 1340 1227 1935 1029 1944 1110 1967 1029 1448 1758 1739 1180 1580 1897 1037 1477 1456 1728 1400 1009 1864 1983 1236 1779 1508 1295 1496 1683 1715 1103 1025 1129 1284 1872 1616 1029 1002 1309 1023 1923 1625 1780 1693 1196 1041 1159 1880 1547 1147 1849 1301 1241 1890 1542 1640 1446 1681 1384 1688 1781 1880 1795 1230 1923 1762 1139 BCNSPRNW ULIB Ver.6.0+V

เปลี่ยนเป็นภาษาไทย

Change to English
 แสดงรายละเอียดบรรณานุกรม
  กลับหน้าหลัก

Brief Record : Get Marc (ISO 2709) : E-mail record : QR code < ปิดหน้าต่าง
LEADER : 00000nam 2200000uu 4500
001    13399124696
003     ULIB
008    160114s2008||||th 000 0 eng d
020    ^a9789773075698
060  4 ^aWA590^bH434
245 00 ^aHealth innovation :^bstories from communities /^c[editor:Niracha Ussavathirakul, Tipicha Posayanonda]
250    ^a2nd ed.
260    ^a[Nonthaburi] :^bNational Health System Reform Office,^cc2008
300    ^a159 p. :^bill
650  0 ^aCommunity development^zThailand
650  0 ^aCommunity Health Services^zThailand
700 0  ^aNiracha Ussavathirakul,^eed
700 0  ^aTipicha Posayanonda,^eed
710 2  ^aNational Health System Reform Office
945    ^p0^l0^i000242
945    ^p0^l0^i000243
999    ^aเกษร โพธิ์สุวรรณ
รายการนี้ยังไม่มีแท็ก
คุณยังไม่ได้ล็อกอิน คุณสามารถมีกิจกรรมร่วมกับเว็บไซต์ได้ แต่ต้องล็อกอินก่อน ::
  ล็อกอิน

รายการสื่อสารสนเทศ

ลำดับที่ ประเภท เลขเรียก/บาร์โค้ด สถานที่ สถานะ
1. วิทยาศาสตร์การแพทย์ และสุขภาพ
วิทยาศาสตร์การแพทย์ และสุขภาพ
WA590 H434 ฉ.1 
  Barcode: 000242
ห้องสมุดวิทยาเขตสวรรค์ประชารักษ์
►หนังสือทั่วไป
บนชั้น
2. วิทยาศาสตร์การแพทย์ และสุขภาพ
วิทยาศาสตร์การแพทย์ และสุขภาพ
WA590 H434 ฉ.2 
  Barcode: 000243
ห้องสมุดวิทยาเขตสวรรค์ประชารักษ์
►หนังสือทั่วไป
บนชั้น

BibComment


ยังไม่เคยถูกคอมเมนท์

คอมเมนท์ทรัพยากรรายการนี้
  คอมเมนท์: Health innovatio..


 Copyright 2026. Bcnsprnw @Library